01594nam a22002414aa4500003000800000005001700008008004100025040003000066041000800096044000700104082001800111100003800129245013000167260002500297300004100322500003600363502020200399520065100601650002101252653001401273653001701287700004801304BOFEUTO20240502095518.0240426t2023 bo gr 001 f spa d 6BOFEUTOaBOFEUTOcBOFEUTO aspa abo aTE5439bC141p aCalizaya, Katherine Pamelaeautor aPlan de marketing social media para la empresa Petshop y peluquerá PEKYS en la ciudad de Oruro /cKatherine Pamela Calizaya aOruro :bs/n,c2023. a102 hojas :bfig., tabl. ;c28.5 cm. aIncluye bibliografía, anexos. aProyecto de grado Doble Titulación V -- (Licenciatura) Universidad Técnica de Oruro, Facultad de Ciencias Económicas Financieras y Administrativas, Carrera Administración de Empresas, 2023. aEl presente proyecto de grado tiene como propósito el diseñar el plan de marketing social media para la empresa Peth Shop y Peluquería PEKYS en la ciudad de Oruro dedicada a la venta de productos para mascotas y además consta del servicio de peluquería canina, este trabajo tiene el fin de lograr una captación de clientes nuevos ya que esta empresa no es conocida. En la actualidad la empresa no tiene presencia en las redes sociales y eso es un déficit, ya que hoy en día toda publicidad se realiza a través del social media, la falta el uso y conocimiento de estas plataformas sociales impide el interactuar con los clientes. aAdministración aMarketing aSocial media aDockar Chuquimia, María del Carmenetutor